000 00328 a2200157 4500
001 152589
040 _cEscola São Tomás de Aquino
100 _aALENCAR, José de
240 1 0 _aSenhora
_lpor
245 1 0 _aSenhora
300 _a88
362 0 _a2003
440 1 _aScipione
697 _a*LITERATURA JUVENIL
942 _cBK
999 _c152589
_d152589